000 01163nam a2200193 a 4500
008 140429s2013 ||||||||||||||||| || u
050 _aUNCTAD(058)LDCR/2013A
110 _aUnited Nations Conference on Trade and Development (UNCTAD)
245 1 4 _aThe least developed countries report 2013: growth with employment for sustainable development
_cby United Nations Conference on Trade and Development
260 _aNew York:
_bUnited Nations Conference on Trade and Development (UNCTAD)
_c2013
300 _a24p.
650 _aSUSTAINABLE DEVELOPMENT--CASE STUDIES
650 0 _aSUSTAINABLE DEVELOPMENT
650 _aLEAST DEVELOPED COUNTRIES
650 _aLEAST DEVELOPED COUNTRIES -- ECONOMIC CONDITIONS
995 _aSPECIAL COLLECTIONS
_e1273
_FCBU-MAIN LIBRARY (Kitwe)
_jUNCTAD(058)LCDR/2013C
_M3
_UAVAILABLE
_WApr 29, 2014
_yB1273
_ZInternational Publications
995 _aSPECIAL COLLECTIONS
_e1274
_FCBU-MAIN LIBRARY (Kitwe)
_jUNCTAD(058)LCDR/2013A
_M1
_UAVAILABLE
_WApr 29, 2014
_yB1274
_ZInternational Publications
995 _aSPECIAL COLLECTIONS
_e1598
_FCBU-MAIN LIBRARY (Kitwe)
_jUNCTAD(058)LDCR/2013B
_M2
_UAVAILABLE
_WSep 9, 2014
_yB1598
_ZInternational Publications
999 _c82152
_d82152